Регионална библиотека "Любен Каравелов" - Русе

Сонаты (Запис номер 306291)

MARC детайли
000 -Лидер
Контролно поле с фиксирана дължина 02218ncm a2200601 c 4500
003 - Код на организацията, давaща контролен номер
Контролно поле BLK
005 - Дата и час на последна редакция
Контролно поле 20250128005544.0
008 - Елементи от данни с фиксирана дължина
fixed length control field 180414b bul |a|er|||| |0| c|bulo|
010 ## - Наследен системен номер
LC control number NOT00001843000
040 ## - Източник на каталожния запис
Идентификатор на билиотеката - собственик на записа BLK
041 ## - Код за език
Код за езика на текст/звукозапис или на отделно заглавие Руски
Код за езика КДБФ Руски
080 ## - УДК
Текстов определител УДК Сонати за пиано
УДК код - определител по УДК 786.2.082.2
УДК определител
УДК - код + определител 786.2.082.2
100 ## - Редна дума - Автор
Автор Моцарт, Волфганг Амадеус
Дати, свързани с автора 1756 - 1791
R(LIN) 368558
139 ## - Редно поле
Редна дума Моцарт, Волфганг Амадеус
Авторски знак Мот - М 93
245 10 - Сведения за заглавието
Заглавие Сонаты
Подзаглавни данни Для фортепиано
Редно поле (дума) Волфганг Амадеус Моцарт; ред. К. А. Мартинсен; ред. Вилхелм Вайсман; * Wolfgang Amadeus Mozart.
254 ## - Сведения за формата на нотното издание
Формат на описваните ноти Клавир
257 ## - Страна на издаване
Страна на създаване/издаване Русия
260 ## - Област на издателските данни
-- Москва
Име на издателя, разпространителя и проч. Музыка 1119
Година на издаване 1968
300 ## - Физическа характеристика
Страници 323 с.
Размери/Мащаб 30 см
380 ## - Жанр
Жанр Изкуство
505 ## - Форматирана забележка
Подзаглавни данни Nr.1, C-Dur KV.279
Заглавие Sonate
505 ## - Форматирана забележка
Подзаглавни данни Nr.2, F-Dur KV.280
Заглавие Sonate
505 ## - Форматирана забележка
Подзаглавни данни Nr.3, B-Dur KV.281
Заглавие Sonate
505 ## - Форматирана забележка
Подзаглавни данни Nr.4, Es-Dur KV.282
Заглавие Sonate
505 ## - Форматирана забележка
Подзаглавни данни Nr.5, G-Dur KV.283
Заглавие Sonate
505 ## - Форматирана забележка
Подзаглавни данни Nr.6, G-Dur KV.284
Заглавие Sonate
505 ## - Форматирана забележка
Подзаглавни данни Nr.7, C-Dur KV.309
Заглавие Sonate
505 ## - Форматирана забележка
Подзаглавни данни Nr.8, a-moll KV.310
Заглавие Sonate
505 ## - Форматирана забележка
Подзаглавни данни Nr.9, D-Dur KV.311
Заглавие Sonate
505 ## - Форматирана забележка
Подзаглавни данни Nr.10, C-Dur KV.330
Заглавие Sonate
505 ## - Форматирана забележка
Подзаглавни данни Nr.11, A-Dur KV.331
Заглавие Sonate
505 ## - Форматирана забележка
Подзаглавни данни Nr.12, F-Dur Kv.332
Заглавие Sonate
505 ## - Форматирана забележка
Подзаглавни данни Nr.13, B-Dur Kv.333
Заглавие Sonate
505 ## - Форматирана забележка
Подзаглавни данни Nr.14a, c-moll Kv.475
Заглавие Sonate Fantasie
505 ## - Форматирана забележка
Подзаглавни данни Nr.14b, c-moll Kv.457
Заглавие Sonate
505 ## - Форматирана забележка
Подзаглавни данни Nr.15, F-Dur KV.533/494
Заглавие Sonate
505 ## - Форматирана забележка
Подзаглавни данни Nr.16, C-Dur KV.545
Заглавие Sonata facile
505 ## - Форматирана забележка
Подзаглавни данни Nr.17, F-Dur KV.547a
Заглавие Sonate
505 ## - Форматирана забележка
Подзаглавни данни Nr.18, B-Dur KV.570
Заглавие Sonate
505 ## - Форматирана забележка
Подзаглавни данни Nr.19, D-Dur KV.576
Заглавие Sonate
650 #0 - Допълнително описание по предмет – тема
Основно описание – тема или топоним Пиано - сонати, сонатини
9 (RLIN) 277457
653 ## - Ключова дума – ненормативна
Ключова дума пиано
653 ## - Ключова дума – ненормативна
Ключова дума сонати
700 1# - Други автори (авторска отговорност)
Лично име Мартинсен, К. А.
Автороска отговорност (Описва отношението между автора и произведението) ред.
9 (RLIN) 362478
700 1# - Други автори (авторска отговорност)
Лично име Вайсман, Вилхелм
Автороска отговорност (Описва отношението между автора и произведението) ред.
9 (RLIN) 389004
700 ## - Други автори (авторска отговорност)
Лично име Mozart, Wolfgang Amadeus
Дати, свързани с автора 1756 - 1791
9 (RLIN) 386874
852 ## - Местоположение
Форматна сигнатура Цб М ІІ 4963
Част 20
856 4# - Електронен адрес и достъп
Електронен формат pdf - файл
Път до файла /url/
856 4# - Електронен адрес и достъп
Електронен формат pdf - файл
Път до файла /url/
942 ## - АРТИКУЛИ
Вид на библиотечния материал Нотни издания
Скрит в OPAC Не
944 ## - СЪЗДАВАНЕ И РЕДАКЦИЯ на ЗАПИСА
Създаване/Редакция Създаване
Дата на регистрацията/редакция 10.04.2005
Служител, извършил регистрацията/редакцията
Статус, дата на статуса CRON CRON
944 ## - СЪЗДАВАНЕ И РЕДАКЦИЯ на ЗАПИСА
Създаване/Редакция Редакция
Дата на регистрацията/редакция 15.04.2005
Служител, извършил регистрацията/редакцията
999 ## - СИСТЕМНИ КОНТРОЛНИ НОМЕРА
Koha biblionumber 306291
Koha biblioitemnumber 306291
Наличности
Код за отписване Код за изгубен артикул Източник на класификационната схема Код за повреда Коз за рестрикции Код за отдаване Артикулен № Име на библиотеката - собственик Име на библиотеката, в която се намира в момента Статус (Текущо местоположение) Дата на вписване в системата Местоположение - отдел Цена в лева Инвентарен номер Систематично азбучна сигнатура Баркод Номер на екземпляра Цена в евро Служебна бележка Служебен тип на артикула
  Не е изгубен Universal Decimal Classification Не е повреден само за читалня ползва се в читалня 658126 Регионална библиотека "Любен Каравелов" Русе Регионална библиотека "Любен Каравелов" Русе Хранилище 1969-01-01 Основен фонд - ползва се само за читалня 3.40 64573 Цб М II 4963 900000015741 1 1.74 N: стар фонд Дата: 01.01.1969 Нотни издания
Изтеглен Не е изгубен Universal Decimal Classification Не е повреден без рестрикции заемане за дома 658127 Регионална библиотека "Любен Каравелов" Русе Регионална библиотека "Любен Каравелов" Русе Отдел Изкуство - читалня 1969-01-01 Отдел Изкуство - подръчен фонд 0.01 64571 Цб М II 4963 64571 2 0.01 N: стар фонд Дата: 01.01.1969 Нотни издания
Изтеглен Не е изгубен Universal Decimal Classification Не е повреден без рестрикции заемане за дома 658128 Регионална библиотека "Любен Каравелов" Русе Регионална библиотека "Любен Каравелов" Русе Отдел Изкуство - читалня 1969-01-01 Отдел Изкуство - подръчен фонд 0.01 64572 Цб М II 4963 64572 3 0.01 N: стар фонд Дата: 01.01.1969 Нотни издания
Vip Innovations Ltd, Rousse, Bulgaria 2025